Pharmaceutical Engineering (Record no. 11067)

MARC details
000 -LEADER
fixed length control field 00474nam a22001697a 4500
003 - CONTROL NUMBER IDENTIFIER
control field OSt
008 - FIXED-LENGTH DATA ELEMENTS--GENERAL INFORMATION
fixed length control field 220115b ||||| |||| 00| 0 eng d
020 ## - INTERNATIONAL STANDARD BOOK NUMBER
International Standard Book Number 9789389533538
082 ## - DEWEY DECIMAL CLASSIFICATION NUMBER
Classification number 610.28 HAP
100 ## - MAIN ENTRY--PERSONAL NAME
Personal name HAJARE,Ashoka A
245 ## - TITLE STATEMENT
Title Pharmaceutical Engineering
250 ## - EDITION STATEMENT
Edition statement 3rd Edition
260 ## - PUBLICATION, DISTRIBUTION, ETC. (IMPRINT)
Place of publication, distribution, etc Pune
Name of publisher, distributor, etc Nirali Prakashan
Date of publication, distribution, etc 2021
300 ## - PHYSICAL DESCRIPTION
Extent 11.36
650 ## - SUBJECT ADDED ENTRY--TOPICAL TERM
Topical term or geographic name as entry element Pharmaceutics- Drug Delivery Systems,Pharmaceutical Engineering regularity Science
942 ## - ADDED ENTRY ELEMENTS (KOHA)
Source of classification or shelving scheme Dewey Decimal Classification
Koha item type Text Books
Holdings
Withdrawn status Lost status Source of classification or shelving scheme Damaged status Not for loan Collection code Home library Current library Date acquired Source of acquisition Currency Cost, normal purchase price Bill Number Total Checkouts Full call number Acc. no. / Barcode Date last seen Date last borrowed Actual Cost, discounted price Bill Date Koha item type Total Renewals
    Dewey Decimal Classification     B.Pharma PIET C-LIBRARY PIET C-LIBRARY 01/11/2022 Kirti Prakashan Indian Rup 290.00 IN3266 3 610.28 HAP BP1702 26/06/2023 13/06/2023 217.50 11/01/2022 Reference Books  
    Dewey Decimal Classification     B.Pharma PIET C-LIBRARY PIET C-LIBRARY 01/11/2022 Kirti Prakashan Indian Rup 290.00 IN3266 5 610.28 HAP BP1703 17/03/2026 05/03/2026 217.50 11/01/2022 Text Books  
    Dewey Decimal Classification     B.Pharma PIET C-LIBRARY PIET C-LIBRARY 01/11/2022 Kirti Prakashan Indian Rup 290.00 IN3266 4 610.28 HAP BP1704 01/12/2025 21/11/2025 217.50 11/01/2022 Text Books  
    Dewey Decimal Classification     B.Pharma PIET C-LIBRARY PIET C-LIBRARY 01/11/2022 Kirti Prakashan Indian Rup 290.00 IN3266 6 610.28 HAP BP1705 05/06/2025 30/05/2025 217.50 11/01/2022 Text Books 1
    Dewey Decimal Classification     B.Pharma PIET C-LIBRARY PIET C-LIBRARY 01/11/2022 Kirti Prakashan Indian Rup 290.00 IN3266 7 610.28 HAP BP1706 28/11/2025 21/11/2025 217.50 11/01/2022 Text Books  

Design & Developed by: PIET Central Library
R70 Miles Stone Pattikalyana Samalkha Panipat 132102
mail ID :- [email protected], Phone No:- 0180-2569700 Ex.216